[Event "4. Copenhagen Open Politiken Cup"]
[Site "Brndby"]
[Date "1982.??.??"]
[Round "5"]
[White "Trepp, Markus"]
[Black "Rosenlund, Thorbjorn"]
[Result "1-0"]
[WhiteElo "2210"]
[BlackElo "2260"]
[PlyCount "67"]
[EventDate "1982.??.??"]
[EventType "swiss"]
[EventRounds "10"]
[EventCountry "DEN"]
[SourceDate "2004.01.01"]

1. e4 c6 2. d4 d5 3. Nd2 dxe4 4. Nxe4 Nf6 5. Nxf6+ gxf6 6. Nf3 Bf5 7. Bd3 e6 8.
O-O Bxd3 9. Qxd3 Qc7 10. c4 Nd7 11. d5 O-O-O 12. dxe6 fxe6 13. Qe3 e5 14. Nh4
Nc5 15. Qf3 Qf7 16. Be3 Ne6 17. Bxa7 c5 18. Qf5 Kc7 19. Nf3 Rg8 20. b4 cxb4 21.
Nxe5 Qe7 22. Nf3 b6 23. a4 bxa3 24. Rfe1 Qg7 25. Bxb6+ Kxb6 26. Rxe6+ Bd6 27.
Rb1+ Kc7 28. Qa5+ Kd7 29. Rxd6+ Kxd6 30. Qd5+ Ke7 31. Re1+ Kf8 32. Qxd8+ Kf7
33. Re7+ Kg6 34. Qd3+ 1-0

[Event "4. Copenhagen Open Politiken Cup"]
[Site "Brndby"]
[Date "1982.??.??"]
[Round "5"]
[White "Welin, Thomas"]
[Black "Kirov, Nino"]
[Result "1/2-1/2"]
[WhiteElo "2330"]
[BlackElo "2430"]
[PlyCount "57"]
[EventDate "1982.??.??"]
[EventType "swiss"]
[EventRounds "10"]
[EventCountry "DEN"]
[SourceDate "2004.01.01"]

1. c4 Nf6 2. Nc3 d5 3. cxd5 Nxd5 4. Nf3 g6 5. d4 Bg7 6. e4 Nxc3 7. bxc3 c5 8.
Rb1 O-O 9. Be2 Nc6 10. d5 Ne5 11. Nxe5 Bxe5 12. Qd2 e6 13. f4 Bc7 14. O-O Re8
15. c4 exd5 16. exd5 Ba5 17. Qc2 Bf5 18. Bd3 Bxd3 19. Qxd3 Qe7 20. f5 Qe4 21.
Qxe4 Rxe4 22. Rxb7 Rxc4 23. fxg6 hxg6 24. Bb2 Rb4 25. Rfxf7 Rxb2 26. Rg7+ Kh8
27. Rh7+ Kg8 28. Rhg7+ Kh8 29. Rh7+ 1/2-1/2

[Event "4. Copenhagen Open Politiken Cup"]
[Site "Brndby"]
[Date "1982.??.??"]
[Round "5"]
[White "Wicker, Kevin J"]
[Black "Van Mil, Johan"]
[Result "1-0"]
[WhiteElo "2275"]
[BlackElo "2315"]
[PlyCount "55"]
[EventDate "1982.??.??"]
[EventType "swiss"]
[EventRounds "10"]
[EventCountry "DEN"]
[SourceDate "2004.01.01"]

1. e4 c5 2. Nf3 d6 3. Bb5+ Nd7 4. O-O Ngf6 5. Re1 g6 6. d4 cxd4 7. e5 dxe5 8.
Nxe5 Bg7 9. Qxd4 O-O 10. Nc3 Nxe5 11. Qxe5 Ng4 12. Qxe7 Qb6 13. Be3 Nxe3 14.
Qxe3 Bd4 15. Qe2 Be6 16. a4 Rac8 17. Ne4 Bxb2 18. Rab1 Qd4 19. c4 Ba3 20. Rbd1
Qb2 21. Qe3 Be7 22. Qxa7 Rc7 23. c5 Qe5 24. Rc1 Bd5 25. Nc3 Qg5 26. Nxd5 Qxd5
27. c6 Rfc8 28. cxb7 1-0

[Event "4. Copenhagen Open Politiken Cup"]
[Site "Brndby"]
[Date "1982.??.??"]
[Round "5"]
[White "Wiedenkeller, Michael"]
[Black "Davies, Nigel"]
[Result "0-1"]
[WhiteElo "2320"]
[BlackElo "2410"]
[PlyCount "112"]
[EventDate "1982.??.??"]
[EventType "swiss"]
[EventRounds "10"]
[EventCountry "DEN"]
[SourceDate "2004.01.01"]

1. e4 g6 2. Nc3 Bg7 3. d4 d6 4. f4 Nc6 5. d5 Nd4 6. Be3 c5 7. dxc6 Nxc6 8. Bd3
Nf6 9. h3 d5 10. e5 d4 11. exf6 Bxf6 12. Ne4 dxe3 13. Nxf6+ exf6 14. Qf3 Qa5+
15. c3 Be6 16. Be4 O-O 17. Ne2 Rfe8 18. O-O Bc4 19. Rfe1 Qb5 20. b3 Bxe2 21.
Bxc6 Qxc6 22. Qxc6 bxc6 23. Rxe2 Rad8 24. Rae1 Rd3 25. c4 h5 26. h4 Kg7 27. Kh2
Re4 28. Kg3 Rdd4 29. Rf1 c5 30. Rf3 g5 31. hxg5 fxg5 32. fxg5 Rg4+ 33. Kh2 Rh4+
34. Rh3 Rxh3+ 35. Kxh3 Re4 36. Kg3 Kg6 37. Kf3 Kf5 38. Rxe3 Rxe3+ 39. Kxe3 a5
40. a3 Kxg5 41. Ke4 f5+ 42. Kd5 f4 43. Kxc5 f3 44. gxf3 h4 45. Kb6 h3 46. c5 h2
47. c6 h1=Q 48. c7 Qh3 49. Kb7 Qxf3+ 50. Ka7 Qh3 51. Kb8 Qxb3+ 52. Ka8 Qd5+ 53.
Kb8 Qb5+ 54. Ka7 Qc6 55. Kb8 Qb6+ 56. Kc8 Kf5 0-1

[Event "4. Copenhagen Open Politiken Cup"]
[Site "Brndby"]
[Date "1982.??.??"]
[Round "5"]
[White "Zieher, Hartmut"]
[Black "Berg, Klaus"]
[Result "0-1"]
[WhiteElo "2260"]
[BlackElo "2295"]
[PlyCount "70"]
[EventDate "1982.??.??"]
[EventType "swiss"]
[EventRounds "10"]
[EventCountry "DEN"]
[SourceDate "2004.01.01"]

1. e4 d5 2. exd5 Qxd5 3. Nc3 Qa5 4. b4 Qxb4 5. Rb1 Qd6 6. d4 c6 7. Nf3 Nf6 8.
Bd3 e6 9. O-O Be7 10. Qe2 Nbd7 11. Rb3 Qc7 12. Ne5 Nxe5 13. dxe5 Nd7 14. Bf4
Nc5 15. Rbb1 b6 16. Ne4 Nxe4 17. Bxe4 Bb7 18. Rfd1 Rd8 19. Rxd8+ Kxd8 20. h4 h5
21. g3 Kc8 22. Rd1 g6 23. Qc4 Rd8 24. Rxd8+ Bxd8 25. Kg2 c5 26. f3 Bxe4 27.
Qxe4 Qb7 28. Qe2 Qd5 29. a3 Qd4 30. Kh3 Qa1 31. Qa6+ Kb8 32. Kg2 Qd1 33. Qc4
Bc7 34. Qa4 Qe2+ 35. Kg1 b5 0-1

[Event "4. Copenhagen Open Politiken Cup"]
[Site "Brndby"]
[Date "1982.??.??"]
[Round "5"]
[White "Akesson, Ralf"]
[Black "Sznapik, Aleksander"]
[Result "1-0"]
[WhiteElo "2405"]
[BlackElo "2440"]
[PlyCount "80"]
[EventDate "1982.??.??"]
[EventType "swiss"]
[EventRounds "10"]
[EventCountry "DEN"]
[SourceDate "2004.01.01"]

1. d4 Nf6 2. c4 c5 3. d5 g6 4. Nc3 Bg7 5. e4 d6 6. Bd3 O-O 7. h3 e6 8. Nf3 exd5
9. exd5 Re8+ 10. Be3 b5 11. Nxb5 Ne4 12. O-O a6 13. Qa4 Nd7 14. Bxe4 Nb6 15.
Qc2 axb5 16. cxb5 Ra4 17. Bd3 Rb4 18. Bg5 Qd7 19. b3 Nxd5 20. Rae1 h6 21. Rxe8+
Qxe8 22. Re1 Be6 23. Bd2 Qa8 24. Bxg6 Rxb5 25. Bh7+ Kh8 26. Bf5 Nc7 27. Bxe6
Nxe6 28. Qf5 Rb7 29. Qd5 Ra7 30. Qh5 Kh7 31. Nh4 Nd4 32. Nf5 Rxa2 33. Nxh6 Rxd2
34. Nxf7+ Kg8 35. Ng5 Ne2+ 36. Rxe2 Rxe2 37. Qxe2 Qa1+ 38. Kh2 Be5+ 39. g3 Kg7
40. Qh5 Qb2 1-0

[Event "4. Copenhagen Open Politiken Cup"]
[Site "Brndby"]
[Date "1982.??.??"]
[Round "6"]
[White "Brinck Claussen, Bjorn"]
[Black "Sorensen, Henrik"]
[Result "1-0"]
[WhiteElo "2380"]
[BlackElo "2235"]
[PlyCount "63"]
[EventDate "1982.??.??"]
[EventType "swiss"]
[EventRounds "10"]
[EventCountry "DEN"]
[SourceDate "2004.01.01"]

1. d4 Nf6 2. c4 a6 3. Nc3 c5 4. d5 b5 5. cxb5 axb5 6. Nxb5 e6 7. dxe6 fxe6 8.
e3 d5 9. Nf3 Be7 10. Be2 Nc6 11. O-O O-O 12. b3 Ne4 13. Bb2 Bf6 14. Qc1 Qe7 15.
Nd2 Bb7 16. f3 Bg5 17. Nxe4 dxe4 18. f4 Bf6 19. a3 Na5 20. Bxf6 Rxf6 21. Bc4
Nxc4 22. bxc4 e5 23. fxe5 Qxe5 24. Rxf6 Qxf6 25. a4 Rd8 26. Qf1 Qe5 27. Rd1 Rf8
28. Qe1 h6 29. Qg3 Qe6 30. h3 Kh7 31. Kh2 Ra8 32. Nc7 1-0

[Event "4. Copenhagen Open Politiken Cup"]
[Site "Brndby"]
[Date "1982.??.??"]
[Round "6"]
[White "Cramling, Dan"]
[Black "Schneider, Lars Ake"]
[Result "1/2-1/2"]
[WhiteElo "2345"]
[BlackElo "2435"]
[PlyCount "43"]
[EventDate "1982.??.??"]
[EventType "swiss"]
[EventRounds "10"]
[EventCountry "DEN"]
[SourceDate "2004.01.01"]

1. c4 c5 2. Nf3 Nc6 3. Nc3 e5 4. g3 g6 5. a3 d6 6. Bg2 a5 7. d3 Bg7 8. Bg5 Nge7
9. O-O h6 10. Bxe7 Nxe7 11. b4 e4 12. Nxe4 axb4 13. Ra2 d5 14. Nxc5 dxc4 15.
dxc4 Qxd1 16. Rxd1 Rxa3 17. Rxa3 bxa3 18. Nd4 O-O 19. e3 Rd8 20. Ncb3 Nc6 21.
Bxc6 bxc6 22. Ra1 1/2-1/2

[Event "4. Copenhagen Open Politiken Cup"]
[Site "Brndby"]
[Date "1982.??.??"]
[Round "6"]
[White "Ermenkov, Evgeny"]
[Black "Kovacs, Laszlo"]
[Result "0-1"]
[WhiteElo "2460"]
[BlackElo "2340"]
[PlyCount "114"]
[EventDate "1982.??.??"]
[EventType "swiss"]
[EventRounds "10"]
[EventCountry "DEN"]
[SourceDate "2004.01.01"]

1. Nf3 Nf6 2. d4 d5 3. g3 c6 4. Bg2 Bf5 5. O-O e6 6. c4 Nbd7 7. Nc3 Be7 8. Nd2
O-O 9. b3 Qa5 10. Bb2 b5 11. Qc1 Bg6 12. c5 b4 13. Na4 Qb5 14. Re1 Ne4 15. Nxe4
Bxe4 16. f3 Bg6 17. e4 dxe4 18. fxe4 e5 19. Bf1 Qa5 20. Qc4 Rad8 21. Rad1 exd4
22. Bxd4 Nf6 23. Bg2 Qb5 24. Qc1 h6 25. Qb2 Bh5 26. Bf1 Qb7 27. Rd3 Rfe8 28.
Qg2 Bg6 29. Qf3 Nh7 30. h4 h5 31. Rdd1 Nf6 32. Bh3 Qc7 33. Kg2 Bf8 34. Bf5 Nd7
35. Bxg6 fxg6 36. Qf4 Qxf4 37. gxf4 Nf6 38. Kf3 Be7 39. Be5 Ng4 40. Bc7 Rc8 41.
Ba5 Bxh4 42. Re2 Rf8 43. e5 g5 44. Rd4 Rce8 45. e6 Rf6 46. e7 Kf7 47. Rd7 gxf4
48. Rxa7 Ne3 49. Bd8 g5 50. Nb6 g4+ 51. Ke4 f3 52. Rd2 g3 53. Nc8 f2 54. Nd6+
Rxd6 55. cxd6 f1=Q 56. d7 Qf5+ 57. Kxe3 Bg5+ 0-1

[Event "4. Copenhagen Open Politiken Cup"]
[Site "Brndby"]
[Date "1982.??.??"]
[Round "6"]
[White "Ernst, Thomas"]
[Black "Brondum, Eric"]
[Result "1-0"]
[WhiteElo "2355"]
[BlackElo "2275"]
[PlyCount "85"]
[EventDate "1982.??.??"]
[EventType "swiss"]
[EventRounds "10"]
[EventCountry "DEN"]
[SourceDate "2004.01.01"]

1. e4 c5 2. Nf3 Nf6 3. Nc3 d6 4. d4 cxd4 5. Nxd4 a6 6. Bg5 e6 7. f4 Be7 8. Qf3
Qc7 9. O-O-O Nbd7 10. Qg3 b5 11. Bxb5 axb5 12. Ndxb5 Qc5 13. e5 Rb8 14. exf6
gxf6 15. Bh6 Rxb5 16. Nxb5 Qxb5 17. Qg7 Rf8 18. Qxh7 Qh5 19. g4 Qh4 20. Kb1 Bb7
21. Rhf1 Bg2 22. Rg1 Bf3 23. Qd3 Bxd1 24. Bxf8 Bxg4 25. Bxe7 Kxe7 26. Qg3 Qxg3
27. Rxg3 Bf5 28. a4 Kd8 29. h4 Bg6 30. Rh3 Bh5 31. a5 Kc7 32. b4 e5 33. Rc3+
Kb7 34. Rd3 exf4 35. Rxd6 Kc7 36. Rd4 f3 37. b5 Ne5 38. Rf4 Ng6 39. Rxf6 Nxh4
40. a6 Bg6 41. b6+ Kc8 42. b7+ Kb8 43. Rb6 1-0

[Event "4. Copenhagen Open Politiken Cup"]
[Site "Brndby"]
[Date "1982.??.??"]
[Round "6"]
[White "Fries Nielsen, Jens Ove"]
[Black "Boehm, Jurgen"]
[Result "1/2-1/2"]
[WhiteElo "2355"]
[BlackElo "2250"]
[PlyCount "65"]
[EventDate "1982.??.??"]
[EventType "swiss"]
[EventRounds "10"]
[EventCountry "DEN"]
[SourceDate "2004.01.01"]

1. d4 d5 2. c4 e6 3. Nf3 c6 4. e3 Nf6 5. Nc3 Nbd7 6. Qc2 Bd6 7. b3 O-O 8. Bb2
dxc4 9. Bxc4 e5 10. O-O-O Qe7 11. Bd3 Re8 12. Ne4 Nxe4 13. Bxe4 h6 14. dxe5 Ba3
15. Bxa3 Qxa3+ 16. Qb2 Qxb2+ 17. Kxb2 Kf8 18. Rd4 Nxe5 19. Nxe5 Rxe5 20. Rhd1
Re8 21. Bc2 Be6 22. e4 Rac8 23. f4 Rc7 24. e5 Bd5 25. R1d2 Ke7 26. Be4 Bxe4 27.
Rxe4 Rd8 28. Rxd8 Kxd8 29. f5 Re7 30. Kc3 Ke8 31. b4 Rd7 32. Rg4 Kf8 33. a4
1/2-1/2

[Event "4. Copenhagen Open Politiken Cup"]
[Site "Brndby"]
[Date "1982.??.??"]
[Round "6"]
[White "Heinbuch, Detlef"]
[Black "Iskov, Gert"]
[Result "0-1"]
[WhiteElo "2300"]
[BlackElo "2380"]
[PlyCount "80"]
[EventDate "1982.??.??"]
[EventType "swiss"]
[EventRounds "10"]
[EventCountry "DEN"]
[SourceDate "2004.01.01"]

1. c4 g6 2. Nc3 Bg7 3. g3 d6 4. Bg2 f5 5. d4 c6 6. d5 Nf6 7. Nh3 O-O 8. Nf4 Bd7
9. O-O Na6 10. Rb1 Nc7 11. b3 g5 12. Nd3 h6 13. Bb2 Qe8 14. e3 Qf7 15. Nb4 a5
16. Nc2 f4 17. e4 Ng4 18. Ne1 h5 19. Nf3 fxg3 20. hxg3 h4 21. Nxg5 Qh5 22. f4
hxg3 23. Nh3 Qh4 24. Rf3 Nh2 25. f5 Nxf3+ 26. Qxf3 cxd5 27. cxd5 Bd4+ 28. Kh1
Kf7 29. Ne2 Bxb2 30. Rxb2 Rg8 31. Nef4 Rac8 32. Rb1 Nb5 33. Ng6 Qh6 34. Qxg3
Nd4 35. Kh2 Rc2 36. Rd1 Nxf5 37. exf5 Bxf5 38. Rf1 Qxg6 39. Rf3 Qxg3+ 40. Rxg3
Rxg3 0-1

[Event "4. Copenhagen Open Politiken Cup"]
[Site "Brndby"]
[Date "1982.??.??"]
[Round "6"]
[White "Hoi, Carsten"]
[Black "Cox, John J"]
[Result "0-1"]
[WhiteElo "2425"]
[BlackElo "2285"]
[PlyCount "118"]
[EventDate "1982.??.??"]
[EventType "swiss"]
[EventRounds "10"]
[EventCountry "DEN"]
[SourceDate "2004.01.01"]

1. d4 Nf6 2. c4 e6 3. Nc3 Bb4 4. e3 c5 5. Nge2 d5 6. a3 Ba5 7. cxd5 cxd4 8.
exd4 Nxd5 9. g3 Nc6 10. Bd2 Nxc3 11. bxc3 Qd5 12. Rg1 e5 13. Bg2 Qc4 14. d5 Ne7
15. Rb1 O-O 16. Qb3 Qd3 17. Qb5 Qxb5 18. Rxb5 Bb6 19. Be3 Bxe3 20. fxe3 Nf5 21.
Kf2 Nd6 22. Rb4 Bd7 23. Rc1 Rfc8 24. Ng1 Rc5 25. Nf3 f6 26. Nd2 Rac8 27. Ne4
Nxe4+ 28. Bxe4 b6 29. c4 f5 30. Bg2 e4 31. g4 g6 32. gxf5 gxf5 33. Rg1 Kf7 34.
Bf1 b5 35. cxb5 Rc2+ 36. Be2 Ra2 37. a4 Rcc2 38. Re1 Kf6 39. d6 Ke5 40. b6 axb6
41. Rxb6 Bxa4 42. Ra6 Bb5 43. Rxa2 Rxa2 44. Kg3 Bxe2 45. d7 Rd2 46. Rxe2 Rxd7
47. Ra2 Rd1 48. Kg2 Kf6 49. Kf2 Rh1 50. Kg2 Rc1 51. Kf2 Kg5 52. Ra8 Rc2+ 53.
Kg3 Re2 54. Rg8+ Kf6 55. Rf8+ Ke6 56. Kf4 Rf2+ 57. Kg5 Rg2+ 58. Kh6 Rxh2+ 59.
Kg5 Rg2+ 0-1

[Event "4. Copenhagen Open Politiken Cup"]
[Site "Brndby"]
[Date "1982.??.??"]
[Round "6"]
[White "Horvath, Tamas"]
[Black "Welin, Thomas"]
[Result "1-0"]
[WhiteElo "2400"]
[BlackElo "2330"]
[PlyCount "81"]
[EventDate "1982.??.??"]
[EventType "swiss"]
[EventRounds "10"]
[EventCountry "DEN"]
[SourceDate "2004.01.01"]

1. e4 c5 2. Nf3 d6 3. d4 Nf6 4. dxc5 Nxe4 5. cxd6 Qb6 6. Qd4 Qxd4 7. Nxd4 Nxd6
8. Nc3 e6 9. Ndb5 Na6 10. Be3 Nxb5 11. Bxb5+ Bd7 12. O-O-O Bc6 13. Bxc6+ bxc6
14. Ne4 Nb4 15. Kb1 Nd5 16. Bd4 f6 17. c4 Nb6 18. Bxb6 axb6 19. Nd6+ Ke7 20.
Rhe1 g6 21. c5 bxc5 22. Nc4 Bh6 23. Rd6 e5 24. Rxc6 Rhc8 25. Rxc8 Rxc8 26. a4
Rd8 27. Kc2 Rd4 28. b3 Kd7 29. f3 Kc6 30. Rd1 Bf8 31. Rd3 Be7 32. Na3 Bd8 33.
Nb5 Rxd3 34. Kxd3 f5 35. Kc4 Ba5 36. Na3 Bd2 37. Kd3 Ba5 38. Nc4 Bc7 39. h3 Bb8
40. g4 fxg4 41. fxg4 1-0

[Event "4. Copenhagen Open Politiken Cup"]
[Site "Brndby"]
[Date "1982.??.??"]
[Round "6"]
[White "Hvenekilde, Jorgen"]
[Black "Van Mil, Johan"]
[Result "0-1"]
[WhiteElo "2285"]
[BlackElo "2315"]
[PlyCount "64"]
[EventDate "1982.??.??"]
[EventType "swiss"]
[EventRounds "10"]
[EventCountry "DEN"]
[SourceDate "2004.01.01"]

1. d4 Nf6 2. Nf3 g6 3. c4 Bg7 4. Nc3 d5 5. cxd5 Nxd5 6. e4 Nxc3 7. bxc3 c5 8.
Be2 O-O 9. O-O Bg4 10. Rb1 Qc7 11. Ba3 Nd7 12. Qb3 Rab8 13. Rfd1 b5 14. Rbc1
Qb6 15. h3 Bxf3 16. Bxf3 Rfd8 17. Rc2 cxd4 18. Bxe7 Re8 19. Ba3 Rbd8 20. cxd4
Bxd4 21. Bb2 Nc5 22. Bxd4 Rxd4 23. Qe3 Rxd1+ 24. Bxd1 Nxe4 25. Qxb6 axb6 26. g3
Nxg3 27. Bg4 Ne4 28. Rc6 h5 29. Bf3 Nd2 30. Bd5 Re5 31. Rxg6+ Kf8 32. Bxf7 Kxf7
0-1

[Event "4. Copenhagen Open Politiken Cup"]
[Site "Brndby"]
[Date "1982.??.??"]
[Round "6"]
[White "Jensen, Vagn"]
[Black "Carlsson, Gerner"]
[Result "1/2-1/2"]
[WhiteElo "2220"]
[BlackElo "2210"]
[PlyCount "44"]
[EventDate "1982.??.??"]
[EventType "swiss"]
[EventRounds "10"]
[EventCountry "DEN"]
[SourceDate "2004.01.01"]

1. e4 e5 2. Nc3 Nf6 3. f4 d5 4. fxe5 Nxe4 5. Nf3 Be7 6. Qe2 Nxc3 7. dxc3 O-O 8.
Bf4 c5 9. O-O-O Qa5 10. a3 Be6 11. Bg5 Nc6 12. Qe3 d4 13. cxd4 cxd4 14. Qe1
Qxe1 15. Rxe1 Rfe8 16. Bxe7 Rxe7 17. Bb5 Bd5 18. Bxc6 Bxc6 19. Re2 Rd8 20. Rd1
Red7 21. Red2 g6 22. b3 Be4 1/2-1/2

[Event "4. Copenhagen Open Politiken Cup"]
[Site "Brndby"]
[Date "1982.??.??"]
[Round "6"]
[White "Kaiszauri, Konstanty"]
[Black "Hartung Nielsen, Jens"]
[Result "0-1"]
[WhiteElo "2395"]
[BlackElo "2240"]
[PlyCount "60"]
[EventDate "1982.??.??"]
[EventType "swiss"]
[EventRounds "10"]
[EventCountry "DEN"]
[SourceDate "2004.01.01"]

1. c4 e6 2. Nc3 d5 3. d4 c5 4. cxd5 exd5 5. Nf3 Nc6 6. g3 c4 7. Bg2 Bb4 8. O-O
Nge7 9. e4 dxe4 10. Nxe4 O-O 11. a3 Ba5 12. Qa4 Bg4 13. Be3 Bf5 14. Nc5 b6 15.
Nb7 Qc7 16. Nxa5 Nxa5 17. Ne5 f6 18. Nf3 Nb3 19. Bf4 Qc8 20. Rae1 Re8 21. Qb4
Be6 22. Rxe6 Qxe6 23. Re1 Qf7 24. Nh4 Rad8 25. Bc7 Nd5 26. Bxd5 Rxe1+ 27. Qxe1
Rxd5 28. Qe4 Nxd4 29. Bb8 g5 30. Ng2 Qe6 0-1

[Event "4. Copenhagen Open Politiken Cup"]
[Site "Brndby"]
[Date "1982.??.??"]
[Round "6"]
[White "King, Daniel J"]
[Black "Gallmeyer, Peter"]
[Result "0-1"]
[WhiteElo "2365"]
[BlackElo "2225"]
[PlyCount "44"]
[EventDate "1982.??.??"]
[EventType "swiss"]
[EventRounds "10"]
[EventCountry "DEN"]
[SourceDate "2004.01.01"]

1. d4 Nf6 2. Nf3 g6 3. c4 Bg7 4. Nc3 d5 5. cxd5 Nxd5 6. e4 Nxc3 7. bxc3 c5 8.
Be3 Bg4 9. Rc1 Qa5 10. Qd2 Bxf3 11. gxf3 Nd7 12. h4 Rd8 13. h5 e6 14. Bh6 Ne5
15. Be2 Bxh6 16. Qxh6 cxd4 17. O-O d3 18. Bd1 Rg8 19. f4 gxh5+ 20. Kh1 Ng4 21.
Qxh7 Nf6 22. Qh6 Rg6 0-1

[Event "4. Copenhagen Open Politiken Cup"]
[Site "Brndby"]
[Date "1982.??.??"]
[Round "6"]
[White "Kopec, Danny"]
[Black "Johansen, Darryl Keith"]
[Result "0-1"]
[WhiteElo "2375"]
[BlackElo "2275"]
[PlyCount "96"]
[EventDate "1982.??.??"]
[EventType "swiss"]
[EventRounds "10"]
[EventCountry "DEN"]
[SourceDate "2004.01.01"]

1. e4 e5 2. Nf3 Nc6 3. d4 exd4 4. Bc4 Bc5 5. c3 Nf6 6. e5 d5 7. Bb5 Ne4 8. cxd4
Bb4+ 9. Bd2 Nxd2 10. Nbxd2 O-O 11. a3 Be7 12. Qc2 Bd7 13. Bd3 f5 14. Qb3 Bc8
15. h4 Nb8 16. Qc2 c6 17. Nf1 g6 18. Ng3 Qd7 19. Ne2 Na6 20. Rc1 Nc7 21. Nf4
Ne6 22. Qd2 Nxf4 23. Qxf4 Qd8 24. Rh3 Rf7 25. Ke2 Rg7 26. g3 Bd7 27. Rhh1 Rc8
28. Qe3 Qf8 29. Ng5 Re8 30. Nh3 b6 31. Nf4 Bd8 32. Kd1 Rge7 33. Ba6 Kh8 34. h5
g5 35. Ng6+ hxg6 36. hxg6+ Kg8 37. Qxg5 c5 38. Rh6 Rxe5 39. Qh5 Re1+ 40. Kd2
Qf6 41. Rxe1 Qxd4+ 42. Bd3 Qxb2+ 43. Bc2 Qd4+ 44. Bd3 c4 45. Re3 cxd3 46. Rxe8+
Bxe8 47. Qxf5 Bg5+ 48. f4 Qb2+ 0-1

[Event "4. Copenhagen Open Politiken Cup"]
[Site "Brndby"]
[Date "1982.??.??"]
[Round "6"]
[White "Kraehenbuehl, Gerhard"]
[Black "Trepp, Markus"]
[Result "1/2-1/2"]
[WhiteElo "2305"]
[BlackElo "2210"]
[PlyCount "192"]
[EventDate "1982.??.??"]
[EventType "swiss"]
[EventRounds "10"]
[EventCountry "DEN"]
[SourceDate "2004.01.01"]

1. Nf3 Nf6 2. d3 d5 3. Nbd2 Nc6 4. d4 e6 5. Nb3 Ne7 6. c3 Nf5 7. Ne5 Nd6 8. Nc5
Nfe4 9. Qa4+ c6 10. Qc2 f6 11. Ned3 Nc4 12. b4 Ned6 13. f3 b6 14. Nb3 b5 15.
Nbc5 Qc7 16. a3 Be7 17. Bf4 Qd8 18. Qc1 Kf7 19. Bg3 Nf5 20. Bf2 h5 21. g3 h4
22. g4 Ng3 23. Bxg3 hxg3 24. h3 f5 25. Rg1 Bh4 26. Bg2 g5 27. e3 Bd7 28. Ke2 a5
29. Re1 Kf6 30. Kf1 e5 31. dxe5+ Nxe5 32. Nxe5 Kxe5 33. Qd2 Kf6 34. Qd4+ Kg6
35. e4 fxe4 36. fxe4 Qf8+ 37. Kg1 Qf2+ 38. Kh1 Qxd4 39. cxd4 Bc8 40. exd5 cxd5
41. Bxd5 g2+ 42. Kxg2 Bxe1 43. Bxa8 Bc3 44. Be4+ Kg7 45. Rd1 axb4 46. axb4 Bxb4
47. Rb1 Bc3 48. d5 b4 49. Nd3 Re8 50. Bf3 Bd7 51. Nc5 Bc8 52. Ne4 Kg6 53. Nxc3
bxc3 54. Rb6+ Kg7 55. Bd1 Re1 56. Rc6 Rxd1 57. Rxc8 Rd3 58. d6 Kf6 59. d7 Rxd7
60. Rxc3 Rd6 61. Kf3 Ra6 62. Rb3 Re6 63. Rb8 Ra6 64. Rf8+ Kg7 65. Rb8 Re6 66.
Ra8 Kg6 67. Ra4 Re1 68. Re4 Rh1 69. Re6+ Kf7 70. Ra6 Re1 71. Kf2 Re4 72. Kf3
Re1 73. Ra3 Kf6 74. Re3 Ra1 75. Ke4 Ra4+ 76. Kd5 Ra5+ 77. Kd6 Ra6+ 78. Kd5 Ra5+
79. Kc4 Ra4+ 80. Kd3 Ra3+ 81. Ke2 Ra2+ 82. Kf3 Ra1 83. Kg2 Rb1 84. Rf3+ Kg6 85.
Ra3 Kf6 86. Ra6+ Kf7 87. Ra7+ Ke6 88. Ra4 Ke5 89. Ra5+ Kf6 90. Rf5+ Kg6 91. Rc5
Rb3 92. Rc6+ Kh7 93. Rf6 Rb5 94. Rf5 Rb2+ 95. Kf3 Kg6 96. Rc5 Rb4 1/2-1/2

[Event "4. Copenhagen Open Politiken Cup"]
[Site "Brndby"]
[Date "1982.??.??"]
[Round "6"]
[White "Sahl, Bjarke"]
[Black "Cramling, Pia"]
[Result "0-1"]
[WhiteElo "2380"]
[BlackElo "2260"]
[PlyCount "74"]
[EventDate "1982.??.??"]
[EventType "swiss"]
[EventRounds "10"]
[EventCountry "DEN"]
[SourceDate "2004.01.01"]

1. c4 Nf6 2. g3 g6 3. Bg2 Bg7 4. Nc3 O-O 5. e4 d6 6. Nge2 e5 7. O-O Nc6 8. d3
Ne8 9. Rb1 f5 10. Nd5 Be6 11. b4 Qd7 12. b5 Nd8 13. Qc2 c6 14. bxc6 bxc6 15.
Ndc3 Nf6 16. c5 d5 17. exd5 Nxd5 18. d4 Nxc3 19. Nxc3 exd4 20. Nb5 cxb5 21.
Bxa8 Nc6 22. Bxc6 Qxc6 23. a4 a6 24. axb5 axb5 25. Bf4 Bc4 26. Bd6 Ra8 27. Rfe1
Ra2 28. Qc1 h6 29. Qf4 d3 30. Re7 Re2 31. Rxg7+ Kxg7 32. Qd4+ Kg8 33. Bf4 g5
34. Be3 Qe4 35. Qd8+ Kf7 36. Ra1 Ba2 37. c6 Bd5 0-1

[Event "4. Copenhagen Open Politiken Cup"]
[Site "Brndby"]
[Date "1982.??.??"]
[Round "6"]
[White "Moe, Mogens"]
[Black "Berg, Klaus"]
[Result "0-1"]
[WhiteElo "2365"]
[BlackElo "2295"]
[PlyCount "38"]
[EventDate "1982.??.??"]
[EventType "swiss"]
[EventRounds "10"]
[EventCountry "DEN"]
[SourceDate "2004.01.01"]

1. e4 d5 2. exd5 Qxd5 3. Nc3 Qa5 4. d4 Nf6 5. Nf3 Bf5 6. Bc4 e6 7. O-O c6 8.
Ne5 Nbd7 9. Qe2 Rd8 10. Bb3 Bb4 11. g4 Bg6 12. f4 Bxc3 13. bxc3 Qxc3 14. Nxd7
Rxd7 15. f5 Qxa1 16. fxe6 fxe6 17. c3 Qxc3 18. Bb2 Qh3 19. Bxe6 Bd3 0-1

[Event "4. Copenhagen Open Politiken Cup"]
[Site "Brndby"]
[Date "1982.??.??"]
[Round "6"]
[White "Portisch, Ferenc"]
[Black "Jensen, Allan Astrup"]
[Result "1-0"]
[WhiteElo "2410"]
[BlackElo "2245"]
[PlyCount "61"]
[EventDate "1982.??.??"]
[EventType "swiss"]
[EventRounds "10"]
[EventCountry "DEN"]
[SourceDate "2004.01.01"]

1. d4 d5 2. c4 e6 3. Nc3 c5 4. cxd5 exd5 5. Nf3 Nc6 6. g3 Nf6 7. Bg2 Be7 8. O-O
O-O 9. b3 Ne4 10. Bb2 Bf6 11. Na4 Re8 12. Rc1 cxd4 13. Nxd4 Bd7 14. Nc5 Nxd4
15. Bxd4 Bc6 16. e3 Qd6 17. Qd3 Rac8 18. Rfd1 h5 19. Nxe4 dxe4 20. Qe2 Bxd4 21.
Rxd4 Qe5 22. Qd1 g6 23. h4 Qa5 24. Bxe4 Bxe4 25. Rxc8 Rxc8 26. Rxe4 Qxa2 27.
Qd5 Rc1+ 28. Kg2 Qa6 29. Re8+ Kg7 30. Qe5+ Qf6 31. Rg8+ 1-0

[Event "4. Copenhagen Open Politiken Cup"]
[Site "Brndby"]
[Date "1982.??.??"]
[Round "6"]
[White "Ravikumar, Vaidyanathan"]
[Black "Thorsteins, Karl"]
[Result "1-0"]
[WhiteElo "2395"]
[BlackElo "2305"]
[PlyCount "71"]
[EventDate "1982.??.??"]
[EventType "swiss"]
[EventRounds "10"]
[EventCountry "DEN"]
[SourceDate "2004.01.01"]

1. d4 Nf6 2. c4 c5 3. d5 e6 4. Nc3 exd5 5. cxd5 d6 6. e4 g6 7. f4 Bg7 8. Bb5+
Nfd7 9. Bd3 Qh4+ 10. g3 Qe7 11. Nf3 O-O 12. O-O Nb6 13. f5 N8d7 14. Bg5 Bf6 15.
Bh6 Re8 16. Kh1 Ne5 17. Nxe5 Bxe5 18. Qd2 c4 19. Bc2 Nd7 20. Rf2 a6 21. Raf1 b5
22. Nd1 f6 23. b4 cxb3 24. Bxb3 a5 25. Ne3 g5 26. Ng4 Kh8 27. h4 gxh4 28. gxh4
Rg8 29. Rg2 Bb7 30. Rfg1 Nc5 31. Nxe5 Qxe5 32. Qe2 b4 33. Bg7+ Rxg7 34. Rxg7
Qf4 35. Qh5 h6 36. Rh7+ 1-0

[Event "4. Copenhagen Open Politiken Cup"]
[Site "Brndby"]
[Date "1982.??.??"]
[Round "6"]
[White "Rind, Bruce"]
[Black "Wiedenkeller, Michael"]
[Result "0-1"]
[WhiteElo "2390"]
[BlackElo "2320"]
[PlyCount "46"]
[EventDate "1982.??.??"]
[EventType "swiss"]
[EventRounds "10"]
[EventCountry "DEN"]
[SourceDate "2004.01.01"]

1. Nf3 Nf6 2. c4 b6 3. g3 e6 4. Bg2 Bb7 5. Nc3 Be7 6. O-O O-O 7. d4 Ne4 8. Qc2
Nxc3 9. Qxc3 Be4 10. Be3 c5 11. Rfd1 Nc6 12. Qd2 d5 13. cxd5 exd5 14. Rac1 c4
15. Ne5 Bb4 16. Rc3 Bxg2 17. Nxc6 Bxc3 18. bxc3 Qd6 19. Ne5 Bh3 20. Bf4 Qe6 21.
Nf3 f6 22. Kh1 Qe4 23. Rg1 g5 0-1